005220000a22001810004500003001100000005001700011008004100028020001400069040003900083041000800122082001500130100002000145245006400165260004200229300000900271650002600280650003400306LK-CoMWRAF20230828223243.0230817t1935 ||||| |||| 00| 0 eng d a09304920X aLK-CoMWRAFdLK-CoMWRAFeLK-CoMWRAF aeng a307.2bVIJ aVijayatunga, J. aGrass for my feet :bVignettes of village life in Sri Lanka aSri LankabEdward Arnold & Co.,c1935 a120p a Villages - Sri Lanka aSri Lanka -- Rural conditions